000 00313nam a22001337a 4500
008 170301b xxu||||| |||| 00| 0 eng d
020 _a9780781756280
041 _aeng
080 _24 ED
_a616.8 006
100 _a6
101 _aSHM
245 _aCANCER CHEMOTHERAPY BIOTHERAPY
_cCHABNER.B.A
942 _2udc
_cBK
999 _c6475
_d6475